000 00323nam a22000977a 4500
005 20250901165419.0
008 210325b ||||| |||| 00| 0 eng d
050 _aHG177 .L56 1992
245 _aStrategic planning for fund raising
_bhow to bring in more money using strategic resource allocation
_cLINDAHL, WESLEY E.
942 _2lcc
999 _c3580
_d3580